000 00309nam a22001337a 4500
999 _c528257
_d528257
003 NUST
038 _aMSOHAIL
082 _a330.028
_bGRE
100 _aWilliam H. Greene
_919966
245 _aLIMDEP Version 7.0 Users's Manual
260 _aBoston
_bPearson
_c1998
300 _a924;P
_c25CM
942 _2ddc
_cBK